Statistics for Alle Superliga vindere nogensinde

Click here to take the quiz!

General Stats

  • This quiz has been taken 73 times
  • The average score is 27 of 31

Answer Stats

HintAnswer% Correct
2021/22FCK
100%
2003/04FCK
100%
2018/19FCK
100%
2016/17FCK
100%
2015/16FCK
100%
2012/13FCK
100%
2010/11FCK
100%
2009/10FCK
100%
2008/09FCK
100%
1992/93FCK
100%
2005/06FCK
100%
2006/07FCK
100%
2002/03FCK
100%
2000/01FCK
100%
1997/98Brøndby
95%
2020/21Brøndby
95%
1995/96Brøndby
95%
2004/05Brøndby
95%
1996/97Brøndby
95%
2001/02Brøndby
95%
2014/15Midtjylland
72%
2017/18Midtjylland
72%
2019/20Midtjylland
72%
1998/99AaB
70%
2013/14AaB
70%
2007/08AaB
70%
1994/95AaB
70%
2011/12Nordsjælland
58%
1993/94Silkeborg
51%
1999/00Herfølge
47%
1991/92Lyngby
40%

Score Distribution

Percentile by Number Answered

Percent of People with Each Score

Your Score History

You have not taken this quiz